00722nam a2200241 a 4500001001300000003000900013005001700022008004100039020001000080082001600090100003400106245002200140260003900162300000800201500003500209505003100244650002200275700003400297902000800331942000700339952011700346999001700463nice12345678IN_TiNIC20260116013506.0050524s1996 riya grp 000 0 urd  ac47000a297.63bALM aAl-Mubarakpuri, Saifur Rahman aRaheequl Makhtoom aRiyadhbMaktaba Dar-Us-Salamc1996 a503 aincludes index and biblioraphy2 aNotes, Bibliography, Index aMuhammad, Prophet1 aAl-Mubarakpuri, Saifur Rahman bSRS cBK 001040708StackRoom-aHMIbHMId2012-07-04g470.00l0o297.63 ALMp018498r2012-07-04v470.00w2005-05-24yBK c11195d11195